000 00999nam a22003137a 4500
003 CHAP
005 20220329135059.0
008 971013s1974 r 00010 d
010 _a30607
011 _a31579
035 _a35691
040 _cCHAP
082 _a507.2
_bN3
110 _aNational Committee on Science and Technology. India
_980321
245 _aScience and technology plan, 1974-79
260 _a(New Delhi :
_bNCST),
_c(1974)
300 _a2 v.
590 _aBATCH-UPD
_b10
_c20130110
_lUCH01
_h1208
590 _aBATCH-UPD
_b10
_c20130410
_lUCH01
_h0748
590 _aBATCH-UPD
_b10
_c20130914
_lUCH01
_h0933
590 _aCONVERSION
_b10
_c20130109
_lUCH01
_h1317
650 1 4 _aCiencia.
_923107
650 1 4 _aPolítica científica
_xIndia.
_990466
650 1 4 _aTecnología.
_9111937
901 _aBK
942 _cLIBRO
949 _a507.2 N3
_bBC
_cLIBRO
_d33724000125142
_eLIBRO
_fv.1
_h42545
_i35691
_si
949 _a507.2 N3
_bBC
_cLIBRO
_d33724000125159
_eLIBRO
_fv.2
_h42546
_i35691
_si
999 _c30607
_d30607